000 01057cam a22003257a 4500
003 CHAP
005 20220817040940.0
008 971013s1991 r 00010 d
010 _a3274
011 _a4246
035 _a3448
040 _cCHAP
082 _a635.65
_bI51
110 _aInternational Crops Research Institute for the Semi-Arid Tropics
245 0 _aUses of tropical grain legumes
_b: proceedings
260 _aPatancheru, India :
_bThe Institute,
_c1991
300 _a350 p.
_b: gráfs.
590 _aBATCH-UPD
_b10
_c20130110
_lUCH01
_h0103
590 _aBATCH-UPD
_b10
_c20130110
_lUCH01
_h1240
590 _aBATCH-UPD
_b10
_c20130409
_lUCH01
_h2053
590 _aBATCH-UPD
_b10
_c20130914
_lUCH01
_h0801
590 _aCONVERSION
_b10
_c20130109
_lUCH01
_h1303
650 1 4 _aCacahuate
_xAfrica.
_916849
650 1 4 _aGarbanzo
_zAfrica.
_945638
650 1 4 _aLeguminosas.
_965807
650 1 4 _aLeguminosas
_xInvestigación.
_965835
901 _aBK
942 _cLIBRO
949 _a635.65 I51
_bBC
_cLIBRO
_d33724000263240
_eLIBRO
_h79801
_i3448
_mD
_si
999 _c3274
_d3274